Del destino de la doctrina celular en las teorías médicas reinantes / (Record no. 152896)

MARC details
000 -LEADER
campo de control de longitud fija 00793nam a22001695i 4500
001 - NÚMERO DE CONTROL
campo de control 152896
003 - IDENTIFICADOR DE NÚMERO DE CONTROL
campo de control ES-MaACL
005 - FECHA Y HORA DE LA ÚLTIMA TRANSACCIÓN
campo de control 20230906204921.0
008 - DATOS DE LONGITUD FIJA--INFORMACIÓN GENERAL
campo de control de longitud fija 940206s1876 sp |||| | spa d
100 1# - ENTRADA PRINCIPAL--NOMBRE DE PERSONA
Nombre de persona Busto y López, Andrés del.
9 (RLIN) 32918
245 10 - MENCIÓN DEL TÍTULO
Título Del destino de la doctrina celular en las teorías médicas reinantes /
Mención de responsabilidad, etc. discurso del Presidente de la sociedad histológica de Madrid D. Andrés del Busto y Lopez en la inauguracion de la Escuela Práctica de la misma el dia 30 de abril de 1876.
260 ## - PUBLICACIÓN, DISTRIBUCIÓN, ETC.
Lugar de publicación, distribución, etc. Madrid :
Nombre del editor, distribuidor, etc. [s.n.],
Fecha de publicación, distribución, etc. 1876 (
Fabricante Imp. de Jose M. Ducazcal)
300 ## - DESCRIPCIÓN FÍSICA
Extensión 127 p. ;
Dimensiones 21 cm.
650 #4 - PUNTO DE ACCESO ADICIONAL DE MATERIA--TÉRMINO DE MATERIA
Término de materia o nombre geográfico como elemento de entrada Histología.
9 (RLIN) 164981
710 2# - ENTRADA AGREGADA--NOMBRE DE ENTIDAD CORPORATIVA
Nombre de entidad corporativa o nombre de jurisdicción como elemento de entrada Sociedad Histológica de Madrid.
9 (RLIN) 6783
852 ## - LOCALIZACIÓN
Ubicación ES-MaACL
Número de control de estantería T-623-F
Nota libre - Enc. hol., falto de cub. original
-- - Enc. en un vol. facticio
Holdings
Estatus retirado Estado de pérdida Estado de daño No para préstamo Colección Biblioteca de origen Biblioteca actual Ubicación en estantería Fecha de adquisición Fuente de adquisición Total de préstamos Signatura topográfica completa Código de barras Visto por última vez Precio de reemplazo Tipo de ítem Koha
        Colección de folletos Biblioteca del Ateneo de Madrid Biblioteca del Ateneo de Madrid Depósito folletos 17/01/2008     T-623-F 1159697 23/02/2023 23/02/2023 Folleto